| 000 | 01251cam a22003614a 4500 | ||
|---|---|---|---|
| 001 | 14704895 | ||
| 003 | OSt | ||
| 005 | 20200616132043.0 | ||
| 008 | 070119s2007 ii b 001 0 eng | ||
| 010 | _a 2006454361 | ||
| 020 | _a9780195681536 | ||
| 020 | _a0195681533 | ||
| 025 | _aI-E-2006-454361; 61-92 | ||
| 037 |
_bLibrary of Congress -- New Delhi Overseas Office _cRs595.00 |
||
| 040 |
_aDLC _coclc _dDLC |
||
| 042 | _alcode | ||
| 043 | _aaz----- | ||
| 050 | 0 | 0 |
_aDS428 _b.P25 2007 |
| 082 |
_a306.2054 _bPAN/C |
||
| 100 |
_aPanikkar, K N _92601 |
||
| 245 | 1 | 0 |
_aColonialism, Culture, and Resistance / _cK.N. Panikkar |
| 260 |
_aNew Delhi : _bOxford University Press, _c2007. |
||
| 300 |
_axii, 279 p. ; _c23 cm. |
||
| 490 | 0 | _aOxford collected essays | |
| 504 | _aIncludes bibliographical references and index. | ||
| 651 | 0 |
_aIndia _xIntellectual life. |
|
| 651 | 0 |
_aIndia _xCivilization. |
|
| 651 | 0 |
_aIndia _xHistory _yBritish occupation, 1765-1947. |
|
| 856 | 4 | 2 |
_3Publisher description _uhttp://www.loc.gov/catdir/enhancements/fy0724/2006454361-d.html |
| 906 |
_a7 _bcbc _corigode _d3 _encip _f20 _gy-gencatlg |
||
| 942 |
_2ddc _cBK _h306.2054 _iPAN/C _k306.2054 _mPAN/C |
||
| 999 |
_c21171 _d21171 |
||